000 00351nam a2200145 4500
008 190208s2014||||xo d
245 1 0 _aAko používat rodovo vyvážený jazyk
250 _a1. vydanie
260 _bCentrum vzdelávania
_aBratislava
_c2014
300 _a39 s.
020 _c0
041 1 _aslo
044 _axo
_cSK
958 _aAPR
999 _c22115
_d22115